| 000 | 00739cab a2200229 4500 | ||
|---|---|---|---|
| 001 | WB3401-43 | ||
| 008 | 090401t1997 xxu||||| |||| 00| 0 eng d | ||
| 035 | _a(Sirsi) u82792 | ||
| 041 | _aeng | ||
| 245 | _aProperty lending more secure | ||
| 260 | _c1997 | ||
| 350 | _a0 | ||
| 490 |
_aProperty Week _v61(11) 12 December 1997, 10(1) |
||
| 520 | _aBanks` property loans are more secure following the drop in five-year interest rates over the past quarter. Includes Kingfisher/Property Week index August-December 1997. | ||
| 650 | _aBANK LENDING | ||
| 650 | _aINTEREST RATES | ||
| 650 | _aPROPERTY LENDING | ||
| 650 | _aPROPERTY LOANS | ||
| 690 | _aPROPERTY-PROPERTY FINANCE AND INVESTMENT | ||
| 942 | _n0 | ||
| 948 | _c18/12/1997 | ||
| 999 |
_c52292 _d52292 |
||